00341nam a2200145Ia 4500008004100000020001800041082001600059100001500075245001600090250000600106260003300112300001000145500002400155650001600179230524s9999 xx 000 0 und d a9789383182954 a510.76bSHA aR.D Sharma 0aMathematics a1 aNew DelhibDhanpat raic2017 a33.74 aQuantity Number: 1 aMathematics